<La> industria textil, otra oportunidad
Textil ostáva atraktívnym prvkom v svetovom obchode pre nízke investície, ich skorú návratnosť, veľkú variabilitu ponuky a vysokú zamestnanosť. Ochrana trhov poškodzuje mnohé krajiny. Možnosti poskytuje ústup Kórey, ktorá sa posledne zameriava na iné druhy tovarov. Banky poskytujú pomoc v nákupe str...
Guardado en:
| Formato: | Capítulo de libro |
|---|---|
| Lenguaje: | español |
| Materias: | |
| Etiquetas: |
Sin Etiquetas, Sea el primero en etiquetar este registro!
|
MARC
| LEADER | 00000naa a2200000 4500 | ||
|---|---|---|---|
| 001 | r013518 | ||
| 005 | 20221205075603.4 | ||
| 041 | 0 | |a spa | |
| 044 | |a MX | ||
| 245 | 1 | 0 | |a <La> industria textil, otra oportunidad |
| 520 | |a Textil ostáva atraktívnym prvkom v svetovom obchode pre nízke investície, ich skorú návratnosť, veľkú variabilitu ponuky a vysokú zamestnanosť. Ochrana trhov poškodzuje mnohé krajiny. Možnosti poskytuje ústup Kórey, ktorá sa posledne zameriava na iné druhy tovarov. Banky poskytujú pomoc v nákupe strojov na výrobu a spracovanie textilu. Mexiko sa snaží zvýšiť exportné kvóty. | ||
| 610 | 2 | 0 | |a textil |
| 610 | 2 | 0 | |a priemysel textilný |
| 610 | 2 | 0 | |a obchod svetový |
| 610 | 2 | 0 | |a protekcionizmus |